000 00259nam a2200097Ia 4500
005 20250424112840.0
008 250424s9999 xx 000 0 und d
300 _avi, 260 p. :ill. 24 cm.
650 _a Personnel management--Nigeria--Periodicals.
942 _cSR
999 _c37489
_d37489